Total Quality Management (Record no. 609997)

000 -LEADER
fixed length control field 00336nam a22001337a 4500
040 ## - CATALOGING SOURCE
Transcribing agency NUST
082 ## - DEWEY DECIMAL CLASSIFICATION NUMBER
Classification number 658.562
Author Mark NAW
100 ## - MAIN ENTRY--PERSONAL NAME
Personal name Khan, Dr. Nawaz
9 (RLIN) 124017
245 ## - TITLE STATEMENT
Title Total Quality Management
250 ## - EDITION STATEMENT
Edition statement First Edition
260 ## - PUBLICATION, DISTRIBUTION, ETC.
Place of publication, distribution, etc. Rawalpindi:
Name of publisher, distributor, etc. Nust Publishing,
Date of publication, distribution, etc. 2008.
650 ## - SUBJECT ADDED ENTRY--TOPICAL TERM
Topical term or geographic name entry element Total Quality Management
942 ## - ADDED ENTRY ELEMENTS (KOHA)
Source of classification or shelving scheme
Koha item type Book
Holdings
Withdrawn status Lost status Source of classification or shelving scheme Damaged status Not for loan Permanent Location Current Location Shelving location Date acquired Full call number Barcode Date last seen Price effective from Koha item type Public note Total Checkouts
          College of Electrical & Mechanical Engineering (CEME) College of Electrical & Mechanical Engineering (CEME) General Stacks 08/09/2023 620.103 ENG CEME-44596 08/09/2023 08/09/2023 Book 1.6  
          College of Electrical & Mechanical Engineering (CEME) College of Electrical & Mechanical Engineering (CEME) General Stacks 07/03/2024 658.562 NAW CEME- 44595 07/03/2024 07/03/2024 Book 1.6  
          College of Electrical & Mechanical Engineering (CEME) College of Electrical & Mechanical Engineering (CEME) General Stacks 12/30/2025 658.562 NAW CEME-44595-A 12/30/2025 12/30/2025 Book 1.6  
© 2023 Central Library, National University of Sciences and Technology. All Rights Reserved.